| 000 | 00504nam a2200181Ia 4500 | ||
|---|---|---|---|
| 999 |
_c28661 _d28661 |
||
| 003 | OSt | ||
| 005 | 20201125104029.0 | ||
| 008 | 190216s9999||||xx |||||||||||||| ||und|| | ||
| 020 | _a9788126405893 | ||
| 040 | _coclc | ||
| 082 |
_a894.8124 _bMUR/T |
||
| 100 |
_aMurty, Sudha _95568 |
||
| 245 | 0 |
_aThirikoluthu Irul Mayatte / _cSudha Murty |
|
| 260 |
_bD C Books, _aKottayam: _c2006. |
||
| 300 | _a190p | ||
| 650 | _aLekhanam | ||
| 942 |
_cBK _2ddc _h894.8124 _iMUR/T _k894.8124 _mMUR/T |
||